Comercio de Cataluña con América en el siglo XVIII / (Record no. 123614)
[ view plain ]
| 000 -LEADER | |
|---|---|
| campo de control de longitud fija | 00884nam a2200205 4500 |
| 001 - NÚMERO DE CONTROL | |
| campo de control | 123614 |
| 003 - IDENTIFICADOR DE NÚMERO DE CONTROL | |
| campo de control | ES-MaACL |
| 005 - FECHA Y HORA DE LA ÚLTIMA TRANSACCIÓN | |
| campo de control | 20250925163309.0 |
| 007 - CAMPO FIJO DE DESCRIPCIÓN FÍSICA--INFORMACIÓN GENERAL | |
| campo de control de longitud fija | t| |
| 008 - DATOS DE LONGITUD FIJA--INFORMACIÓN GENERAL | |
| campo de control de longitud fija | 070214s1931 sp r ||||1| spa d |
| 100 1# - ENTRADA PRINCIPAL--NOMBRE DE PERSONA | |
| Nombre de persona | Rahola y Trémols, Federico, |
| Fechas asociadas al nombre | 1858-1919 |
| 9 (RLIN) | 95016 |
| 245 10 - MENCIÓN DEL TÍTULO | |
| Título | Comercio de Cataluña con América en el siglo XVIII / |
| Mención de responsabilidad, etc. | por D. Federico Rahola y Trèmols ; con un prólogo de D. Bartolomé Amengual. |
| 260 ## - PUBLICACIÓN, DISTRIBUCIÓN, ETC. | |
| Lugar de publicación, distribución, etc. | Barcelona : |
| Nombre del editor, distribuidor, etc. | Artes Gráficas, Sucesores de Henrich y Cia., |
| Fecha de publicación, distribución, etc. | 1931. |
| 300 ## - DESCRIPCIÓN FÍSICA | |
| Extensión | XXX, 304 p., 8 f. de lám. : |
| Otras características físicas | il. ; |
| Dimensiones | 25. |
| 500 ## - NOTA GENERAL | |
| Nota general | Precede al tít.: Cámara Oficial de Comercio y Navegación de Barcelona, Premio Conde de Lavern. |
| 700 1# - ENTRADA AGREGADA--NOMBRE PERSONAL | |
| Nombre de persona | Amengual, Bartolomé, |
| Fechas asociadas al nombre | 1866-1961 |
| 9 (RLIN) | 21197 |
| 710 2# - ENTRADA AGREGADA--NOMBRE DE ENTIDAD CORPORATIVA | |
| Nombre de entidad corporativa o nombre de jurisdicción como elemento de entrada | Cámara Oficial de Comercio, Industria y Navegación de Barcelona. |
| 9 (RLIN) | 2390 |
| 852 ## - LOCALIZACIÓN | |
| Ubicación | ES-MaACL |
| Número de control de estantería | A-232 |
| Estatus retirado | Estado de pérdida | Estado de daño | No para préstamo | Biblioteca de origen | Biblioteca actual | Ubicación en estantería | Fecha de adquisición | Fuente de adquisición | Total de préstamos | Signatura topográfica completa | Código de barras | Visto por última vez | Precio de reemplazo | Tipo de ítem Koha |
|---|---|---|---|---|---|---|---|---|---|---|---|---|---|---|
| Biblioteca del Ateneo de Madrid | Biblioteca del Ateneo de Madrid | Sala Pecera Planta 1 | 17/01/2008 | A-232 | 1128790 | 23/02/2023 | 23/02/2023 | Libro impreso |
